| 000 -LEADER |
| fixed length control field |
00852nam a22001337a 4500 |
| 040 ## - CATALOGING SOURCE |
| Transcribing agency |
RUa |
| 082 ## - DEWEY DECIMAL CLASSIFICATION NUMBER |
| Classification number |
AVM CHA 2009 B090 Or.1 |
| 100 ## - MAIN ENTRY--AUTHOR NAME |
| Personal name |
CHAY, CHANTHORN. |
| 245 ## - TITLE STATEMENT |
| Title |
the effect of using sun-dry sesbania leave replacing soy bean as ingredient feed growthrate of chicken at animal experimental station of the rua (ឥទ្ធិពលនៃការប្រើប្រាស់ស្លឹកអង្គាដីក្រៀមជំនួសសណ្ថែកសៀងជាចំណីផ្សំលើការលូតលាស់របស់មាន់សាច់ នៅស្ថានីយចិញ្ចឹមសត្វ នៃស .វ.ភ.ក) |
| 260 ## - PUBLICATION, DISTRIBUTION, ETC. (IMPRINT) |
| Place of publication |
Phnom Penh |
| Name of publisher |
RUA |
| Year of publication |
2009 |
| 300 ## - PHYSICAL DESCRIPTION |
| Number of Pages |
xi, 44p. |
| Other physical details |
ill. |
| Dimensions |
29cm. |
| 856 ## - ELECTRONIC LOCATION AND ACCESS |
| Uniform Resource Identifier |
https://drive.google.com/file/d/1v8Ur37xcJ551DmuM3w6qsqD63H2DMywb/view?usp=sharing |
| 942 ## - ADDED ENTRY ELEMENTS (KOHA) |
| Koha item type |
AVM |
| 952 ## - LOCATION AND ITEM INFORMATION (KOHA) |
| Withdrawn status [LOCAL, KOHA] |
0 |
| 952 ## - LOCATION AND ITEM INFORMATION (KOHA) |
| Withdrawn status [LOCAL, KOHA] |
0 |
| 952 ## - LOCATION AND ITEM INFORMATION (KOHA) |
| Withdrawn status [LOCAL, KOHA] |
0 |